|
|
|
|
| LEADER |
00947nam a2200205 a 4500 |
| 008 |
090827s2000 caua 000 0 eng d |
| 020 |
|
|
|a 0534372848
|
| 040 |
|
|
|a MnU
|c MnU
|
| 082 |
0 |
0 |
|a 519.2
|2 21
|
| 100 |
1 |
|
|a Seely, Julie Ann,
|d 1963-
|
| 245 |
1 |
0 |
|a Solutions manual for Devore's Probability and statistics :
|b for engineering and sciences, fifth edition /
|c Julie Ann Seely.
|
| 260 |
|
|
|a Pacific Grove, CA. :
|b Duxbury,
|c c2000.
|
| 300 |
|
|
|a 421 p. :
|b ill. ;
|c 28 cm.
|
| 541 |
1 |
|
|e 00013670
|
| 650 |
|
0 |
|a Probabilities.
|
| 650 |
|
0 |
|a Mathematical statistics.
|
| 700 |
1 |
|
|a Devore, Jay K.
|t Probability and statistics, for engineering and the sciences.
|s 5th ed.
|
| 852 |
4 |
|
|a Ayesha Abed Library
|j General Shelf.
|
| 999 |
|
|
|c 3540
|d 3540
|
| 952 |
|
|
|0 0
|1 0
|2 ddc
|4 0
|6 519_200000000000000_SEE
|7 0
|8 NFIC
|9 3213
|a BRACUL
|b BRACUL
|c GEN
|d 2009-09-02
|g 0.00
|l 16
|m 58
|o 519.2 SEE
|p 3010013670
|r 2025-03-18
|s 2025-03-11
|t 1
|w 2009-09-02
|y BK
|x No price found in the accession register.
|